00799cam a22002411 4500001001300000003000400013005001700017008004100034010001700075035001900092040002400111042001200135050001400147100004800161245004600209260005200255300005100307490007000358650002700428650001300455830007200468999001700540gs 08000327 DLC20260227111308.0750616s1908 ncub 000 0 eng  ags 08000327  a(OCoLC)1394330 aDLCcOTdOCoLCdDLC apremarc00aS623b.A71 aAshe, W. W.q(William Willard),d1872-1932.10aTerracing of farm lands /cby W. W. Ashe. aRaleigh :bE. M. Uzell, public printers,c1908. a 38 p. :bVI pl. (incl. map) diagrs. ;c26 cm.1 aNorth Carolina. Geological and Economic Survey. Bulletin,vno. 17 0aSoilszNorth Carolina. 0aErosion. 0aBulletin (North Carolina Geological and Economic Survey) ;vno. 17. c24753d24753